00307 a2200073 4500020001800000100001300018245015200031260005000183 a9789348889447 aMulye D. aपुण्यश्लोक अहिल्यादेवी होळकर:अदम्य चैतन्याची महाराणी  bBharatiya Vichar Sadhana Pune Prakashanc2025